Statistics for Elements Breakdown Puzzle #1

Click here to take the quiz!

General Stats

  • This quiz has been taken 374 times
    (370 since last reset)
  • The average score is 12 of 30

Answer Stats

Element % Correct
Four
97%
USA
92%
Sri
90%
Asia
90%
I'm
89%
Mice
86%
Mum
84%
Aid
77%
Sin
77%
Tent
71%
Forum
33%
Nauru
31%
Caesium
31%
Uranium
29%
Rum
27%
Line
27%
Evil
26%
Fluorine
25%
Astatine
23%
Coil
20%
Radium
19%
Silicon
15%
Choir
13%
Chromium
9%
Arsenic
9%
Cane
9%
Flerovium
8%
Rutherfordium
5%
Rumoured
3%
Firth
3%

Score Distribution

Percentile by Number Answered

Percent of People with Each Score

Your Score History

You have not taken this quiz since the last reset